| 000 | 00572cam a22001931 4500 | ||
|---|---|---|---|
| 001 | af 48000911 | ||
| 003 | DLC | ||
| 005 | 20260227110846.0 | ||
| 008 | 890410s1940 gw ac 000 0 ger c | ||
| 010 | _aaf 48000911 | ||
| 035 | _a(OCoLC)19526564 | ||
| 040 |
_aYale Univ. Library _cCU _dDLC |
||
| 042 | _apremarc | ||
| 050 | 0 | 0 |
_aPT2639.T13 _bZ5 1940 |
| 100 | 1 |
_aStach, Ilse von, _d1879- |
|
| 245 | 1 | 4 |
_aDer Petrus-Segen; _bErinnerungen und Bekenntnisse. |
| 260 |
_aMünster (Westf.) _bRegensbergsche Verlagsbuchhandlung _c[1940] |
||
| 300 |
_a283 p. _billus., ports. _c20 cm. |
||
| 999 |
_c4267 _d4267 |
||